Doctor Who Decoder - Statistics

General Stats
  • This quiz has been taken 48 times
  • The average score is 15 of 23
Answer Stats
Clue Answer % Correct
W Last name of the first woman to play the Doctor Whittaker
97%
B The 11th Doctor thinks these are cool Bow ties
92%
T Number of regenerations a timelord typically has Twelve
92%
B Phrase that Rose scatters throughout time and space Bad Wolf
87%
I Name of the warriors of mars {Ice} warriors
82%
Y Dying words of the Face of Boe You are not alone
79%
W Body part that River Song breaks to escape a weeping angel Wrist
77%
M Casandra's favourite phrase Moisturise me
74%
B Crime drama which stars the actors of both the 10th and 13th doctor Broadchurch
72%
E 12 has a particularly prominent pair of this facial feature Eyebrows
72%
Y Companion and love interest to the 13th doctor Yaz
72%
Y Alias that the Master uses in Utopia Yana
69%
M Lesbian lizard icon Madame Vastra
67%
B Paradox involving Beethoven {Bootstrap} paradox
64%
L Episode often seen as one of the worst in New Who history Love and Monsters
64%
QUOTE Wibbly wobbly timey wimey
62%
O Episode in which the Doctor loses his eyesight Oxygen
59%
I How did he get in? ________ ______? Intruder window
54%
W Famous phrase that Rose bets she can make Queen Victoria say We are not amused
54%
L What play is Shakespeare writing when 10 and Martha meet him? (Hint: it's a sequel) Love's Labour's Won
41%
E Robots that measure the happiness of human settlers in the episode 'Smile' Emojibots
36%
Y Area of the UK where 13's "fam" are from Yorkshire
36%
I Parody of Doctor Who from the sitcom 'Community' Inspector Spacetime
15%
No matching quizzes found
Score Distribution
Percent of People with Each Score
Percentile by Number Answered
Your Score History
You have not taken this quiz